000 00892aam a2200265 a 4500
999 _c323404
_d323404
003 BLK
005 20250617095458.0
008 180725b bul||||| |||| 00| 0 bul d
020 _a978-619-157-238-0
040 _aBLK
041 _aBUL
_cBUL
080 _aАмериканска литература (на САЩ)
_b821.111(73)
_z-31
100 _aАшли, Кристен
_eпърви автор
_91299
139 _aАшли, Кристен
_bА 98
245 _aЗавръщане към любовта
_bРоман
_cКристен Ашли, прев. Вера Паунова
260 _bИбис
_c2017
_aСофия
300 _a556 с.
_c21 см
380 _aX
700 _9340267
_aАшли, Кристен
_eпърви автор
852 _aЦб 294805
942 _cKNG
_2udc
_n0
_048
999 _d323404
999 _d323404
944 _k30531
_lЦветелина Шанова